Administración de personal y recursos humanos / (Registro nro. 28138)
[ vista simple ]
| 000 -LEADER | |
|---|---|
| fixed length control field | 01536cam a2200337 i 4500 |
| 001 - CONTROL NUMBER | |
| control field | 28138 |
| 003 - CONTROL NUMBER IDENTIFIER | |
| control field | Mx-PuUPA |
| 005 - DATE AND TIME OF LATEST TRANSACTION | |
| control field | 20260114122138.0 |
| 008 - FIXED-LENGTH DATA ELEMENTS--GENERAL INFORMATION | |
| fixed length control field | 140415s2000 mx gr 000 0 spa d |
| 020 ## - INTERNATIONAL STANDARD BOOK NUMBER | |
| International Standard Book Number | 9701028929 |
| 040 ## - CATALOGING SOURCE | |
| Original cataloging agency | Mx-PuUPA |
| Language of cataloging | spa |
| Transcribing agency | Mx-PuUPA |
| Modifying agency | Mx-PuUPA |
| Description conventions | rda |
| 041 1# - LANGUAGE CODE | |
| Language code of text/sound track or separate title | spa |
| Language code of original | eng |
| 100 1# - MAIN ENTRY--PERSONAL NAME | |
| Personal name | Werther, William B., |
| 9 (RLIN) | 17782 |
| Relator term | autor |
| 240 10 - UNIFORM TITLE | |
| Uniform title | Human resources and personnel management. |
| Language of a work | Español |
| 245 10 - TITLE STATEMENT | |
| Title | Administración de personal y recursos humanos / |
| Statement of responsibility, etc. | William B. Werther, Keith Davis ; traducción y adaptación, Joaquín Mejía Gómez |
| 250 ## - EDITION STATEMENT | |
| Edition statement | Quinta edición |
| 264 #1 - PRODUCTION, PUBLICATION, DISTRIBUTION, MANUFACTURE, AND COPYRIGHT NOTICE | |
| Place of production, publication, distribution, manufacture | México, D.F. : |
| Name of producer, publisher, distributor, manufacturer | McGraw-Hill Interamericana Editores, |
| Date of production, publication, distribution, manufacture, or copyright notice | ©2000 |
| 300 ## - PHYSICAL DESCRIPTION | |
| Extent | xxiii, 582 páginas : |
| Other physical details | diagramas, tablas ; |
| Dimensions | 26 cm |
| 336 ## - CONTENT TYPE | |
| Fuente | rdacontent |
| Content type term | texto |
| Content type code | txt |
| 337 ## - MEDIA TYPE | |
| Source | rdamedia |
| Media type term | sin medio |
| Media type code | n |
| 338 ## - CARRIER TYPE | |
| Source | rdacarrier |
| Carrier type term | volumen |
| Carrier type code | nc |
| 650 #7 - SUBJECT ADDED ENTRY--TOPICAL TERM | |
| Source of heading or term | armarc |
| Topical term or geographic name entry element | Administración de personal |
| 650 #7 - SUBJECT ADDED ENTRY--TOPICAL TERM | |
| Source of heading or term | armarc |
| Topical term or geographic name entry element | Recursos humanos |
| General subdivision | Planificación |
| 650 #7 - SUBJECT ADDED ENTRY--TOPICAL TERM | |
| Source of heading or term | armarc |
| Topical term or geographic name entry element | Empresas |
| General subdivision | Administración y dirección |
| 700 1# - ADDED ENTRY--PERSONAL NAME | |
| Personal name | Mejía Gómez, Joaquín, |
| Relator term | traductor |
| 765 0# - ORIGINAL LANGUAGE ENTRY | |
| Main entry heading | Werther, William B., |
| Edition | Quinta edición |
| Title | Human resources and personnel management. |
| International Standard Book Number | 0070695725 |
| 775 0# - OTHER EDITION ENTRY | |
| Main entry heading | Werther, William B., |
| Edition | Tercera edición |
| Place, publisher, and date of publication | México, D.F. : McGraw-Hill/Interamericana de México, ©1991 |
| Physical description | xxi, 395 páginas : ilustraciones ; 24 cm |
| Title | Administración de personal y recursos humanos |
| Record control number | (Mx-PuUPA) 2523 |
| International Standard Book Number | 9684227922 |
| 942 ## - ADDED ENTRY ELEMENTS (KOHA) | |
| Source of classification or shelving scheme | Dewey Decimal Classification |
| Koha item type | Libro |
| Classification part | 658.3 |
| Item part | W4818 |
| Withdrawn status | Lost status | Source of classification or shelving scheme | Damaged status | Not for loan | Collection code | Home library | Current library | Shelving location | Date acquired | Source of acquisition | Total Checkouts | Full call number | Barcode | Date last seen | Date last checked out | Price effective from | Koha item type |
|---|---|---|---|---|---|---|---|---|---|---|---|---|---|---|---|---|---|
| Dewey Decimal Classification | General | Tehuacán | Tehuacán | Sala general | 03/12/2013 | Compra | 1 | 658.3 WER | 501658 | 08/01/2025 | 11/02/2019 | 03/12/2013 | Libro | ||||
| Dewey Decimal Classification | General | Tehuacán | Tehuacán | Sala general | 03/12/2013 | Compra | 1 | 658.3 W4818 2000 | 968000002874 | 08/01/2025 | 11/02/2019 | 03/12/2013 | Libro |